000 00992cam a2200277 a 4500
020 _a9789251061961 (pbk.)
020 _a9251061963 (pbk.)
040 _cAU@
082 _a363 UNI 2009 A079 Or.
100 1 _aMacfadyen, G.
245 1 0 _aAbandoned, lost or otherwise discarded fishing gear /
260 _aRome :
_bUnited Nations Environment Programme :
_bFood and Agriculture Organization of the United Nations,
_c2009.
300 _axix, 115 p. :
_bill. (some col.), col. map ;
_c30 cm.
490 1 _aFAO fisheries and aquaculture technical paper,
490 1 _aUNEP regional seas reports and studies ;
650 0 _aMarine debris
650 0 _aMarine debris
650 0 _aMarine debris
650 0 _aFisheries
700 1 _aHuntington, Tim,
700 1 _aCappell, Rod.
710 2 _aFood and Agriculture Organization of the United Nations.
710 2 _aUnited Nations Environment Programme.
856 1 0 _uftp://ftp.fao.org/docrep/fao/011/i0620e/i0620e.pdf
942 _cEK
999 _c15985
_d15985